Statistics for Holidays By Picture

Click here to take the quiz!

General Stats

  • This quiz has been taken 64 times
  • The average score is 8 of 16

Answer Stats

Answer% Correct
Christmas
100%
Thanksgiving
74%
Valentine's Day
70%
July 4/ Independence Day
69%
St. Patrick's Day
69%
Halloween
61%
Veteran's Day/ Memorial Day
59%
April Fool's Day
54%
Martin Luther King Jr. Day
50%
Kwanzaa
46%
Cinco De Mayo
44%
Hannukah
44%
Washington's Birthday
30%
Labor Day
24%
New Years
17%
Juneteenth
13%

Score Distribution

Percentile by Number Answered

Percent of People with Each Score

Your Score History

You have not taken this quiz